Internal combustion engines (Record no. 24482)

000 -LEADER
fixed length control field 00576nam a22002051 4500
001 - CONTROL NUMBER
control field 24482
003 - CONTROL NUMBER IDENTIFIER
control field BD-DhUET
008 - FIXED-LENGTH DATA ELEMENTS--GENERAL INFORMATION
fixed length control field 681231s1968 paua b 001 0 eng
040 ## - CATALOGING SOURCE
Original cataloging agency DLC
Transcribing agency DLC
Modifying agency BD-DhUET
082 00 - DEWEY DECIMAL CLASSIFICATION NUMBER
Classification number 621.43
Item number OBE/1968
100 ## - MAIN ENTRY--PERSONAL NAME
Personal name Obert, Edward F.
245 10 - TITLE STATEMENT
Title Internal combustion engines
250 ## - EDITION STATEMENT
Edition statement 3rd ed.
260 ## - PUBLICATION, DISTRIBUTION, ETC. (IMPRINT)
Place of publication, distribution, etc. Scranton
Name of publisher, distributor, etc. International Textbook
Date of publication, distribution, etc. 1968
300 ## - PHYSICAL DESCRIPTION
Extent xiii, 736p.
Other physical details illus
490 0# - SERIES STATEMENT
Series statement International textbooks in mechanical engineering
504 ## - BIBLIOGRAPHY, ETC. NOTE
Bibliography, etc Includes bibliographies
650 #0 - SUBJECT ADDED ENTRY--TOPICAL TERM
Topical term or geographic name as entry element Internal combustion engines
942 ## - ADDED ENTRY ELEMENTS (KOHA)
Koha item type General Book
Holdings
Koha date last seen Piece designation (barcode) Price effective from Copy number Shelving location Not for loan Lost status Withdrawn status Koha date last borrowed Date acquired Location (home branch) Koha issues (times borrowed) Sublocation or collection (holding branch) Koha full call number Koha normalized classification for sorting Koha item type Damaged status Source of classification or shelving scheme
2019-11-18190632015-05-091Circulation section   2019-09-282015-05-09Central Library, BUET2Central Library, BUET621.43/OBE/1968621_430000000000000_OBE_1968General Book  
2015-06-16320072015-06-162Reading section    2015-06-16Central Library, BUET Central Library, BUET621.43/OBE/1968621_430000000000000_OBE_1968General Book  
2015-06-16404372015-06-163Reading section    2015-06-16Central Library, BUET Central Library, BUET621.43/OBE/1968621_430000000000000_OBE_1968Reading Item  
2015-06-23190602015-06-234Reading section    2015-06-23Central Library, BUET Central Library, BUET621.43/OBE/1968621_430000000000000_OBE_1968Reading Item  
2015-07-03321172015-07-035Reading section    2015-07-03Central Library, BUET Central Library, BUET621.43/OBE/1968621_430000000000000_OBE_1968Reading Item